Hoofdsteden van Niet-Landen - Statistieken

Algemene statistieken
  • Deze quiz is 40 keer genomen
  • De gemiddelde score is 7 van 28
Antwoordstatistieken
Hint Antwoord % Correct
Groenland Nuuk
75%
Hongkong Hongkong
67%
Macau Macau
58%
Réunion Saint-Denis
50%
Guadeloupe Basse-Terre
33%
Mayotte Mamoudzou
33%
Nieuw-Caledonië Nouméa
33%
Amerikaans Samoa Pago Pago
33%
Faeroër Torshavn
33%
Man Douglas
25%
Christmaseiland Flying Fish Cove
25%
Norfolkeiland Kingston
25%
Saint-Pierre en Miquelon Saint-Pierre
25%
Falklandeilanden Stanlley
25%
Cocoseilanden West Island
25%
Niue Alofi
17%
Bermuda Hamilton
17%
Frans-Polynesië Papeete
17%
Sint-Maarten Philipsburg
17%
Montserrat Plymouth
17%
Kanaaleilanden Saint Helier
17%
Pitcairneilanden Adamstown
8%
Cookeilanden Avarua
8%
Saint-Barthelemy Gustavia
8%
Guam Hagatna
8%
Saint-Martin Marigot
8%
Wallis en Futuna Mata'utu
8%
Noorderlijke Marianen Saipan
8%
Geen overeenkomende quizzen gevonden
Scoreverdeling
Procent van Mensen met Elke Score
Percentiel versus Aantal Correcte Antwoorden
Uw Scoregeschiedenis
U heeft deze quiz nog niet genomen